The European ombudsman : annual report for 1997

Uloženo v:
Podrobná bibliografie
Médium: Kniha
Jazyk:angličtina
Vydáno: Luxembourg : Office for Official Publications of the European Communities, 1998
Vydání:[1st ed.]
Témata:
ISBN:9282835073
On-line přístup: Získat plný text
Tagy: Přidat tag
Žádné tagy, Buďte první, kdo vytvoří štítek k tomuto záznamu!

MARC

LEADER 00000cam a2200000 4500
003 SK-BrCVT
005 20220617212510.0
008 060302s1998 lu e ||||||eng d
020 |a 9282835073 
035 |a CVTIDW1204187 
040 |b slo  |a CVTI SR  |e AACR2 
041 0 |a eng 
044 |a lu 
080 |a 347.96  |2 UDC-MRF 
242 1 0 |a Európsky ombudsman  |b výročná správa za r. 1997  |y slo 
245 1 4 |a The European ombudsman :  |b annual report for 1997 
250 |a [1st ed.] 
260 |a Luxembourg :  |b Office for Official Publications of the European Communities,  |c 1998 
300 |a 321 s. :  |b fotogr., grafy, tab. ; 
653 1 |a legislatíva  |a sťažnosti  |a vyriešené prípady 
692 |a ZH DD  |j JM MM 
910 |b DK01176 
919 |a 92-828-3507-3 
959 |a TS0100 
959 |a TS1641 
974 |f Knihy 
992 |a ARO 
999 |c 131854  |d 131854